| 000 | 00603nam a2200169 a 4500 | ||
|---|---|---|---|
| 008 | 120416s1966 ||||||||||||||||| || u | ||
| 020 | _a0080112749 | ||
| 050 | _aQE 606 Pri | ||
| 100 | _aPrice, Neville J | ||
| 245 | 1 | 0 | _aFault and joint development in brittle and semi-brittle rock |
| 260 |
_aOxford _bPergamon _c1966 |
||
| 300 | _axii, 176p. : ill. | ||
| 350 | _a0.00 | ||
| 650 | _aGEOLOGY--STUDY AND TEACHING | ||
| 650 | _aROCK MECHANICS | ||
| 995 |
_D0.00 _FCBU-MAIN LIBRARY (Kitwe) _H1 _I12.95 _M1 _UAVAILABLE _ZMain Library Open Access Collection |
||
| 999 |
_c43176 _d43176 |
||